000
00282nam a22001337a 4500
008
171004b xxu||||| |||| 00| 0 eng d
020
_a
2901582555156
041
_a
eng
080
_a
159.9
100
_a
48
101
_a
PSI
245
_a
NCLEX RN
_c
BILLING.D.M
942
_2
udc
_c
BK
999
_c
31723
_d
31723